Handbook of cyclical indicators : a supplement to the Business conditions digest.

Bibliographic Details
Corporate Author: United States. Bureau of Economic Analysis (Author)
Format: Government Document eBook
Language:English
Published: [Washington, D.C.] : U.S. Department of Commerce, Bureau of Economic Analysis, 1984.
Edition:[Second edition ].
Subjects:
Online Access:https://purl.fdlp.gov/GPO/gpo40894

MARC

Tag First Indicator Second Indicator Subfields
LEADER 00000cam a2200000 i 4500
001 in00003425621
005 20211120171549.0
006 m o d f
007 cr bn||||||abp
007 cr bn||||||ada
008 120408s1984 dcu obs f001 0 eng c
019 |a 761494005 
035 |a (OCoLC)ocn784660623 
040 |a OCLCE  |b eng  |e rda  |e pn  |c OCLCE  |d OCLCQ  |d GPO  |d MvI  |d UtOrBLW 
042 |a pcc 
043 |a n-us--- 
049 |a WWW 
050 4 |a HB3711  |b .U625 1984 
074 |a 0131-A (online) 
086 0 |a C 59.9/3:IN 2/984 
245 0 0 |a Handbook of cyclical indicators :  |b a supplement to the Business conditions digest. 
250 |a [Second edition ]. 
264 1 |a [Washington, D.C.] :  |b U.S. Department of Commerce, Bureau of Economic Analysis,  |c 1984. 
300 |a 1 online resource (iv, 191 pages) 
336 |a text  |b txt  |2 rdacontent 
337 |a computer  |b c  |2 rdamedia 
338 |a online resource  |b cr  |2 rdacarrier 
500 |a Title from title screen (viewed on October 24, 2013). 
504 |a Includes bibliographical references (page 180) and index. 
506 |3 Use copy  |f Restrictions unspecified  |2 star  |5 MiAaHDL 
533 |a Electronic reproduction.  |b [S.l.] :  |c HathiTrust Digital Library,  |d 2011.  |5 MiAaHDL 
538 |a Master and use copy. Digital master created according to Benchmark for Faithful Digital Reproductions of Monographs and Serials, Version 1. Digital Library Federation, December 2002.  |u http://purl.oclc.org/DLF/benchrepro0212  |5 MiAaHDL 
583 1 |a digitized  |c 2011  |h HathiTrust Digital Library  |l committed to preserve  |2 pda  |5 MiAaHDL 
650 0 |a Business cycles  |z United States  |v Statistics. 
650 0 |a Economic indicators  |z United States. 
651 0 |a United States  |x Economic conditions. 
650 0 |a Economic forecasting  |z United States. 
651 0 |a United States  |x Economic conditions  |v Statistics. 
710 1 |a United States.  |b Bureau of Economic Analysis,  |e author. 
776 0 8 |i Print version:  |t Handbook of cyclical indicators  |w (OCoLC)11173905 
856 4 0 |u https://purl.fdlp.gov/GPO/gpo40894  |t 0 
999 |a MARS 
999 f f |s f1382604-62eb-3b55-9633-a70b2fe67d41  |i 4ccf6cdd-264b-3024-a2a5-7711fd713495  |t 0 
952 f f |a Texas A&M University  |b College Station  |c Electronic Resources  |d Available Online  |t 0  |e C 59.9/3:IN 2/984  |h Superintendent of Documents classification 
998 f f |a C 59.9/3:IN 2/984  |t 0  |l Available Online